Extrémne stroje 8 modelov na zloženie a údaje o viac než 50 vozidlách

Bibliographic Details
Other Authors: Zorkócy, Branislav (Translator)
Format: Photo
Language:Slovak
English
PhysicalDescription:[48] s., [16] l. vymaľovacie obrázky fareb. ilustr. 27 cm
Published: Bratislava Svojtka & Co. 2011
ISBN:9788081073540
Edition:1. slov. vyd.
Subjects:

MARC

LEADER 00000nam a2200000 a 4500
001 vtls010285132
003 SK-MaSNL
005 20260301131939.0
007 ku uuu
008 180809s2011 xo 0|0 | slo
015 |a SNBA2011/09-04979 
020 |a 9788081073540  |q (brož.) 
035 |a E6AD761E-4E04-41E3-ADEC-F98997D1C545 
035 |a urn:nbn:sk:snk-amtg9j 
035 |a urn:nbn:sk:snk-am00cd6z 
040 |a SNK  |b slo  |c SNK  |e AACR 
041 1 |a slo  |h eng 
044 |a xo  |c SK 
072 7 |a 629  |x Dopravné prostriedky  |2 konspekt 
072 7 |a 0/9-053.2  |x Literatúra pre deti a mládež (náučná)  |2 konspekt 
080 |a 629.331  |2 2001 
080 |a (0.053.2)  |2 2001 
080 |a (086.48)  |2 2001 
130 0 |a Extreme machines  |l Slovensky  |9 481965 
245 0 0 |a Extrémne stroje  |b 8 modelov na zloženie a údaje o viac než 50 vozidlách  |c [z anglického vydania preložil Branislav Zorkócy] 
250 |a 1. slov. vyd. 
260 |a Bratislava  |b Svojtka & Co.  |c 2011 
300 |a [48] s., [16] l. vymaľovacie obrázky  |b fareb. ilustr.  |c 27 cm 
650 0 7 |a automobily  |2 SNKPH  |9 18879 
650 0 7 |a Automobiles  |2 SNKPHeng  |9 265520 
655 7 |a publikácie pre deti  |2 SNKPH  |9 70148 
655 7 |a papierové modely  |2 SNKPH  |9 327845 
655 7 |a Children's literature  |2 SNKPHeng  |9 276039 
655 7 |a Paper models  |2 SNKPHeng  |9 336682 
700 1 |a Zorkócy, Branislav  |4 trl  |9 208211 
919 |a 978-80-8107-354-0 
958 |a DB 
958 |a OP 
968 |b ENG  |d 0 
999 |c 749608  |d 751538 
952 |a SNK  |b SNK  |y PREZ  |7 0  |p 17A0704876  |o snkSB 81640  |i snk2011/13396  |8 0  |0 0  |1 0  |4 0  |d 2011-06-10  |f 1  |l 0  |r 2025-05-05 00:00:00  |w 2026-02-23 
952 |a SNK  |b SNK  |y PREZ  |7 0  |p 17A0704875  |o snkSB 81640 D1  |i snk2011/13397  |8 0  |0 0  |1 0  |4 0  |d 2011-06-10  |l 0  |r 2016-06-30 00:00:00  |w 2026-02-23